| 000 | 01135cam a22003254a 4500 | ||
|---|---|---|---|
| 999 |
_c234878 _d234878 |
||
| 001 | 14119941 | ||
| 003 | Nust | ||
| 005 | 20170331155448.0 | ||
| 008 | 050926s2002 nyu j 000 1 eng d | ||
| 010 | _a 2005453007 | ||
| 020 | _a9781416900290 | ||
| 035 | _a(OCoLC)ocm51907011 | ||
| 040 |
_aYEP _cYEP _dOCLCQ _dDLC |
||
| 042 |
_alcac _alccopycat |
||
| 050 | 0 | 0 |
_aPZ7.S86037 _bSte 2002 |
| 082 | 0 | 0 |
_a813.54 _bSTI |
| 100 | 1 | _aStine, R. L. | |
| 245 | 1 | 4 |
_aThe stepsister 2 / _cR.L. Stine. |
| 246 | 3 | _aStepsister two | |
| 250 | _a1st Simon Pulse ed. | ||
| 260 |
_aNew York : _bSimon Pulse, _c2005. |
||
| 300 |
_a165 p. ; _c18 cm. |
||
| 490 | 1 | _aFear Street | |
| 520 | _aThe doctor says Nancy is cured--she's over the murderous rage that made her try to kill her sister Emily last year, and now she's home for good. | ||
| 650 | 1 |
_aStepsisters _vFiction. |
|
| 650 | 1 |
_aAnger _vFiction. |
|
| 650 | 1 | _aHorror stories. | |
| 800 | 1 |
_aStine, R. L. _tFear Street. |
|
| 906 |
_a7 _bcbc _ccopycat _d2 _encip _f20 _gy-gencatlg |
||
| 942 |
_2ddc _cBK |
||